| Tag |
First Indicator |
Second Indicator |
Subfields |
| LEADER |
00000cam a2200000 4500 |
| 001 |
in00000478821 |
| 005 |
20180526063439.0 |
| 008 |
750917s1956 laua b 00100 eng |
| 010 |
|
|
|a 56009169
|
| 035 |
|
|
|a (OCoLC)01631609
|
| 035 |
|
|
|9 ACB5729AM
|
| 040 |
|
|
|a IXA
|c IXA
|d TXA
|d UtOrBLW
|
| 049 |
|
|
|a TXAM
|c 1 [958614], 2 [A08736042], 3 [A09118815]
|a TXAS [mil]
|c 4
|
| 050 |
0 |
0 |
|a E545
|b .V3
|
| 100 |
1 |
|
|a Vandiver, Frank E.,
|d 1925-2005.
|
| 245 |
1 |
0 |
|a Rebel brass ;
|b the Confederate command system /
|c by Frank E. Vandiver. Introd. by T. Harry Williams.
|
| 264 |
|
1 |
|a Baton Rouge :
|b Louisiana State University Press,
|c [1956]
|
| 264 |
|
4 |
|c [©1956]
|
| 300 |
|
|
|a xvii, 142 pages :
|b illustrations ;
|c 23 cm.
|
| 336 |
|
|
|a text
|b txt
|2 rdacontent
|
| 337 |
|
|
|a unmediated
|b n
|2 rdamedia
|
| 338 |
|
|
|a volume
|b nc
|2 rdacarrier
|
| 504 |
|
|
|a Includes bibliography.
|
| 651 |
|
0 |
|a Confederate States of America
|x History, Military.
|
| 651 |
|
0 |
|a Confederate States of America
|x Politics and government.
|
| 999 |
|
|
|a MARS
|
| 999 |
f |
f |
|s ff8ceffd-c394-374f-877b-385d4ae25252
|i b5dd3fd8-6095-32b9-8b12-7adad825eb18
|t 0
|
| 952 |
f |
f |
|p normal
|a Texas A&M University
|b College Station
|c Sterling C. Evans Library
|s Evans stk
|d Evans: Library Stacks
|t 0
|e E545 .V3
|h Library of Congress classification
|i unmediated -- volume
|m A14802233559
|
| 952 |
f |
f |
|p noncirc
|a Texas A&M University
|b College Station
|c Cushing Memorial Library & Archives
|s cush mil
|d Cushing: Ragan Military (Does not check out)
|t 0
|e E545 .V3
|h Library of Congress classification
|i unmediated -- volume
|
| 998 |
f |
f |
|a E545 .V3
|t 0
|l Evans: Library Stacks
|
| 998 |
f |
f |
|a E545 .V3
|t 0
|l Cushing: Ragan Military (Does not check out)
|